| 000 | 00670nam a2200217Ia 4500 | ||
|---|---|---|---|
| 003 | IN-BaIIA | ||
| 008 | 211028s9999 xx 000 0 eng d | ||
| 020 | _a0-86720-047-2 | ||
| 040 | _cIIA Library | ||
| 080 |
_a524.3 _bBOW-2 |
||
| 100 |
_aBowers, Richard L _913669 |
||
| 245 | 0 |
_aAstrophysics II _binterstellar matter and galaxies _cBowers Richard L and Terry Deeming |
|
| 260 |
_aBoston _bJones and Bartlett Publishers _c1984 |
||
| 300 | _a[various pagings.] | ||
| 650 | _aAstronomy and astrophysics thesaurus | ||
| 650 |
_aAstrophysics _9794 |
||
| 650 |
_aGalaxies _91286 |
||
| 650 |
_aInterstellar matter _91189 |
||
| 700 |
_aDeeming, Terry _913914 |
||
| 942 | _cBK | ||
| 999 |
_c8293 _d8293 |
||